Statistics for Top 15 Countries with Covid-19 Cases - 20 December

Click here to take the quiz!

General Stats

  • This quiz has been taken 18 times
  • The average score is 18 of 28

Answer Stats

country% Correct
France
100%
Germany
100%
India
100%
United Kingdom
100%
United States
100%
Italy
94%
Spain
94%
Brazil
88%
Argentina
82%
Poland
82%
Russia
82%
Colombia
76%
Belgium
71%
Mexico
71%
Iran
59%
Netherlands
59%
Turkey
59%
Switzerland
53%
Bahrain
47%
Israel
47%
Qatar
47%
Armenia
41%
Czechia
41%
Panama
35%
Croatia
29%
Slovenia
29%
Georgia
24%
Lithuania
12%

Score Distribution

Percentile by Number Answered

Percent of People with Each Score

Your Score History

You have not taken this quiz